Personalidades históricas y famosos - R - Estadísticas

Estadísticas generales
  • Esta prueba ha sido intentada 111 veces
  • La puntuación promedio es 9 de 19
Estadísticas de respuestas
Descripción Respuesta % Correcto
Fundadores históricos de Roma. Rómulo y Remo
96%
Uno de los mejores delanteros de fútbol de la historia. Sus apodos eran "El fenómeno" y "R9". Ronaldo
92%
A veces reconocido como el faraón más poderoso del Antiguo Egipto. Construyó gran número de monumentos y expandió el imperio por el Levante mediterráneo. Ramsés II
82%
Este personaje tuvo gran influencia en la última etapa de la casa real de Rusia, la Dinastía Romanov, gracias a sus cualidades "místicas". Grigori Rasputin
79%
Ejerció de presidente de los Estados Unidos entre el año 1933 y 1945. Su mandato estuvo marcado por la Segunda Guerra Mundial y por la Gran Depresión, la que combatió con su política intervencionista conocida cómo New Deal. Franklin D. Roosevelt
72%
Rey de Inglaterra que se apoda "Corazón de León", famoso por su espíritu aventurero y por participar en la Tercera Cruzada. Ricardo I de Inglaterra
71%
Expiloto de motociclismo italiano que ha ganado seis títulos de MotoGP entre el año 2002 y 2009. Valentino Rossi
67%
Pintor neerlandés considerado uno de los mejores artistas del barroco. Rembrandt
55%
Magnate de la industria petrolera que fue una de las personas más ricas de la historia. John D. Rockefeller
48%
Este polímata suizo fue uno de los filósofos más importantes del siglo XVIII e influyó en gran medida a la Revolución Francesa. Jean-Jacques Rousseau
46%
Médico y científico español que estudió el sistema nervioso y creó la neuroanatomía moderna. Santiago Ramón y Cajal
46%
Rey vikingo legendario que encabezó varias incursiones victoriosas en toda Europa. Ragnar Lodbrok
40%
Artista francés considerado padre de la escultura moderna. Auguste Rodin
36%
Físico neozelandés que estableció el modelo atómico, probó la existencia del núcleo atómico y descubrió la desintegración radioactiva. Ernest Rutherford
28%
Jugador de baloncesto de los Boston Celtics que ganó 11 anillos de la NBA en 13 años. El jugador con más títulos de la historia de este deporte. Bill Russell
23%
Jugador profesional de béisbol que jugó entre los años 1914 y 1935. Es considerado como uno de los mejores de este deporte. Babe Ruth
17%
Fue el líder del grupo The Velvet Underground y más tarde escribió famosas canciones cómo "Walk on the Wild Side" y "Perfect Day". Considerado el padre del rock alternativo. Lou Reed
16%
Físico alemán que descubrió los rayos X. Wilhelm Röntgen
7%
Uno de los mejores jugadores de fútbol americano. Jugó con los San Francisco 49ers entre el 1985 y el 2000. Jerry Rice
4%
No se encontraron pruebas coincidentes
Distribución de puntuación
Porcentaje de gente con cada puntuación
Porcentaje por número respondido
Historial de tus puntuaciones
No has intentado esta prueba.